00524 2200193 4500001002100000005001500021035002000036245008400056100002200140250000600162300003500168700001200203260003800215082001100253084001700264020002200281650001000303990001700313INLIS00000000000044820181030044423 a0010-10180001381 aKamus Fiqih untuk Pelajar Jilid 3 M-R /cM. Gufron Hidayat; Penyunting, Fatimah0 aM. Gufron Hidayat a- aiv, 68 hlm. :bilus. ;c25 cm.0 aFatimah aCirebon :bCV Gunung Djati,c2009 a297.14 a297.14 GUF k a978-979-1795-67-8 aFiqih a01574/P/2018